000 00681nam a2200265Ia 4500
005 20260121165547.0
008 008 260114s9999 xx 000 0 eng d
020 _a9783319232942
037 _aEBOOK
040 _aCRL
040 _beng
040 _cCRL
041 _2eng
041 _aeng
084 _qCRL
100 _aAshish Gupta, Vimla L. Patel, Robert A. Greenes
_91053235
245 0 _aAdvances in Healthcare Informatics and Analytics
260 _bSpringer
260 _bSpringer
260 _c2016
856 _uhttps://link.springer.com/openurl?genre=book&isbn=978-3-319-23294-2
942 _cEBOOK
999 _c1618961
_d1618961